00996nam a2200241 a 450000100060000000300080000600500170001400800410003103500190007204000290009104100130012008200250013310000330015824502040019126000380039530000320043350400600046565000300052570000310055594200120058699900170059895201390061565846BD-RjUL20211209081453.0170312s1962 enkaf b 001 0 eng d a(BD-RjUL)65976 aSUSAbengcSUSAdBD-RjUL1 aenghger04a778.31223bSCP 19621 aSchenk, R.q(Robert)919471710aPhotomicrography :ban introduction to the principles of the microscope and its application to the practice of photomicrography /cR. Schenk and G. Kistler ; translated from the German by F. Bradley. aLondon :bChapman & Hall,cc1962. ax, 132 p. :bill. ;c25 cm. aIncludes bibliographical references (p. 127) and index. 0aPhotomicrography.91842791 aKistler, Gonzague.9194718 2ddccBK c65846d65846 00102ddc40718NFICaRUCLbRUCLcReadingd1970-03-07eZetlingerg35.00l0o778.31 SCP 1962r2017-03-12 00:00:00tC-1w2017-03-12yBK